| 000 | 01016cam a2200277 4500 | ||
|---|---|---|---|
| 001 | L148680 | ||
| 008 | 091019s2009 000 0 eng u | ||
| 020 | _a9780080943572 | ||
| 035 | _a(Sirsi) u148680 | ||
| 041 | 0 | _aeng | |
| 050 | 0 | 4 | _a658.2 $2 18 |
| 100 | 1 | _aBooty, Frank | |
| 245 | 0 | 0 |
_aFacilities management handbook _h[electronic resource] |
| 250 | _a4th ed. | ||
| 260 |
_aOxford _bButterworth-Heinemann _c2009 |
||
| 300 | _aeBook | ||
| 350 | _a94.13 | ||
| 520 | _aThis eBook gives an overview of all aspects of faciities management, including legal compliance, strategic policies and best practice. Includes information on maintenance and risk management, as well as business continuity and IT and communications. | ||
| 520 | _aSupersedes third edition | ||
| 590 | _aka | ||
| 650 | 2 | 4 | _aEBOOK |
| 651 | 4 |
_aUnited Kingdom _y |
|
| 690 | _aMANAGEMENT-FACILITIES MANAGEMENT | ||
| 856 | 4 | 0 |
_uhttps://www.vlebooks.com/ _zView on VLEbooks. Logins for members only from [email protected] |
| 942 | _n0 | ||
| 999 |
_c110160 _d110160 |
||